| 000 | 00621nam a2200217Ii 4500 | ||
|---|---|---|---|
| 003 | JO-AjNU | ||
| 008 | 230606s9999||||xx |||||||||||||| ||und|| | ||
| 020 | _a0-8144-2343-4 | ||
| 040 |
_aJO-AjNU _beng _erda _cJO-AjNU |
||
| 041 | _aeng | ||
| 050 | 1 | 4 | _aTD788.E78.1989 |
| 100 | 3 |
_aErwin, Lewis/Hall Healy, _eauthor _92951 |
|
| 245 | 0 | 0 | _aPackaging and Solid Waste Management Strategies |
| 250 | _a1 ed | ||
| 264 | 3 | 1 | _aAmerican,1989 |
| 300 | _a96p | ||
| 336 |
_atext _btxt _2rdacontent |
||
| 337 |
_aunmediated _bn _2rdamedia |
||
| 338 |
_avolume _bnc _2rdacarrier |
||
| 650 | 4 |
_aPackaging- Management Strategies _92952 |
|
| 999 |
_aE1546 _c1546 _d1546 |
||